| 000 | 01130nam a2200277 4500 | ||
|---|---|---|---|
| 003 | EC-QuCCB | ||
| 005 | 20260414093941.0 | ||
| 007 | ta | ||
| 008 | 260414s1980 cu a|||gr|||| 001 0 spa d | ||
| 040 | _aEC-QuCCB | ||
| 041 | _aspa | ||
| 082 |
_aCu861 _bG9584 |
||
| 100 | 1 |
_aGuillén, Nicolás, _d1902-1989 _q _93322 |
|
| 245 | 1 |
_aMotivos de son : _bmúsica de Amadeo Roldán, Alejandro García Caturla, Eliseo Grenet, Emilio Grenet _cNicolás Guillén |
|
| 260 |
_aLa Habana, Cuba : _bLetras Cubanas, _c1980 |
||
| 300 |
_a109 páginas : _bilustraciones ; _c24 cm |
||
| 336 |
_atexto _btxt |
||
| 337 |
_ano mediado _bn |
||
| 338 |
_avolumen _bnc |
||
| 500 | _aEdición especial 50 aniversario | ||
| 505 | _aEl cincuentenario de Motivos de son -- Negro bembón -- Mulata -- Si tú supiera -- Sigue -- Hal que tené boluntá -- Búcate plata -- Mi chiquita -- Tú no sabe inglé -- Motivos de son -- Textos musicalizados -- Amadeo Roldán -- Alejandro García Caturla -- Eliseo Grenet -- Emilio Grenet | ||
| 590 | _abgg | ||
| 650 | 4 |
_aPoesía cubana _915034 |
|
| 942 |
_2ddc _cBK |
||
| 999 |
_c83849 _d83849 |
||